Library Logo

Pioneer International University Library Catalogue

Christian Spirituality; (Record no. 9707)

MARC details
000 -LEADER
fixed length control field 00768nam a22002177a 4500
003 - CONTROL NUMBER IDENTIFIER
control field OSt
005 - DATE AND TIME OF LATEST TRANSACTION
control field 20251028101045.0
008 - FIXED-LENGTH DATA ELEMENTS--GENERAL INFORMATION
fixed length control field 251028b |||||||| |||| 00| 0 eng d
010 ## - LIBRARY OF CONGRESS CONTROL NUMBER
LC control number 10022610
020 ## - INTERNATIONAL STANDARD BOOK NUMBER
International Standard Book Number 0-8245-0967-6 (pbk)
040 ## - CATALOGING SOURCE
Original cataloging agency World Spirituality;
Language of cataloging LCC
Transcribing agency The Crossroad Publishing Company
050 ## - LIBRARY OF CONGRESS CALL NUMBER
Classification number BV 4490.C48 1987
Item number C48 1987
100 ## - MAIN ENTRY--PERSONAL NAME
Personal name Rait, Jill
Fuller form of name Jill Rait
245 ## - TITLE STATEMENT
Title Christian Spirituality;
Remainder of title High Middle Ages and Reformation/
Statement of responsibility, etc. Rait, Jill
250 ## - EDITION STATEMENT
Edition statement World Spiritualty;
Remainder of edition statement An Encyclopedic History of the religious Quest
260 ## - PUBLICATION, DISTRIBUTION, ETC.
Place of publication, distribution, etc. New York
Name of publisher, distributor, etc. The Crossroad Publishing Company
Date of publication, distribution, etc. 1987
300 ## - PHYSICAL DESCRIPTION
Extent 479 p.:
Other physical details Red
Dimensions 23.3cm
Accompanying material Null
490 ## - SERIES STATEMENT
Materials specified Book
Series statement High Middle Ages And Reformation
Volume/sequential designation Volume 17
760 ## - MAIN SERIES ENTRY
Edition V. 17
942 ## - ADDED ENTRY ELEMENTS (KOHA)
Source of classification or shelving scheme Dewey Decimal Classification
Koha item type Books
Suppress in OPAC No
Edition v. 17
Holdings
Withdrawn status Lost status Source of classification or shelving scheme Damaged status Not for loan Home library Current library Date acquired Total checkouts Barcode Date last seen Price effective from Koha item type
    Library of Congress Classification     PIU Library PIU Library 10/30/2025   PIUDMUR704 10/30/2025 10/30/2025 Books